000 00965nam a22002897a 4500
003 dpl
005 20180522163940.0
008 180522b xxu||||| |||| 00| 0 eng d
010 _aB-011497, B-011501
020 _a0195652258
_c00.00
035 _aB-011497
037 _bCen Lib/Ret
040 _aDPL
_bEN
_c0
082 _a954.022
_2MUG
245 _aThe mughal state 1526-1750 /
_cedited by Muzaffar Aalam [and] Sanjay Subrahmanyam
260 _aNew Delhi
_bOxford University Press
_c2000
270 _aYMCA Library Building Jai Singh Road
_bNew Delhi
_e110001
300 _a536p.
_c19cm(Hb)
500 _aIncludes bibliographical reference
650 _aIndian History
_9111604
650 _aIndia--Mogul Empire
_99458
650 _aModern Science
_9111605
650 _a Modern Science-Electronic Product
_9111606
700 _aAalam, Muzaffar
_927754
700 _aSubrahmanyam, Sanjay
_93238
942 _2ddc
_cEN
_h954.022
_mMUG
999 _c129911
_d129911